00965nam a2200229 a 4500001000900000005001700009008004100026041000800067044000700075050002100082100002600103245013800129260004900267300004200316500003500358500015500393504002500548650005900573650004700632700003500679700002100714BRCA_22520190320202926.0790815s1978 mx-a---##b---#000-0#spa-# aspa amx 4aF1435b.C36 19781 aCatherwood, Frederick10aVisión del mundo maya, 1844cFrederick Catherwood ; introducción Alberto Ruz Lhuillier ; biografía del artista Dolores Plunket. aMéxicobCartón y Papel de Méxicoc1978 a100 p.bil. (algunas a color)c47 cm. aTexto en: español e inglés aTextos y litografías publicadas originalmente con las opiniones de los autores sobre monumentos antiguos en América Central, Chiapas y Yucatán. aBibliografia: p. 10514aAmérica CentraleAntigüedadesvTrabajos Ilustrados14aMayaseAntigüedadesvTrabajos Ilustrados1 aRuz Lhuillier, Alberto,d1906-1 aPlunket, Dolores